000 00346nam a2200097Ia 4500
008 180130s9999 xx 000 0 und d
245 _cHamacher, Kay
_aResilience in leaking dynamic systems modeling of information security
260 _c2015
300 _aBook title: Cyber security--Acession number C20544; pages 145-160
650 _aCYBER SECURITY
999 _c354214
_d354214